00755nam a22002057a 450000500170000001000140001702000260003103500130005703700130007008200110008310000240009424500970011826000550021527000690027030000210033950000180036094200250037899900170040395201290042020100724124234.0 aENG-96556 a9788189937591c650.00 aEN-80089 bDBAD/PUB a345.08 aParmar, T. C.91221 aDelinquency among children:bwith special reference to the juvenile court /cby T. C. Parmar aNew DelhibArise Publishers and Distributorsc2008 a4648/1, 21, Ansari Road, Darya Ganj, New Delhi-110002bNew Delhi a256p.c23cm (Hb) aInclude index 2ddccENmPARh345.08 c37538d37538 001040718NFICaDBADbDBADd2010-07-24eDBAD/PUBg650.00l0oPARpEN-80089r2010-07-24 00:00:00t1v650.00w2010-07-24yEN